| 000 | 00716nam a22002417a 4500 | ||
|---|---|---|---|
| 003 | UA-OsUOA | ||
| 001 | 61233 | ||
| 007 | ta | ||
| 008 | 20090623b un ||||| |||| 00| 0 ukr d | ||
| 100 | _aНавроцька Н. Г. | ||
| 090 |
_a340.6 _bН15 |
||
| 942 | _cBK | ||
| 040 |
_aUA-OsUOA _bukr _cUA-OsUOA _dUA-OsUOA |
||
| 245 |
_aПравова статистика _bнавчальний посібник |
||
| 300 | _a280 с. | ||
| 955 | _a2 | ||
| 041 | _aukr | ||
| 080 | _a340.6 | ||
| 020 | _a966-346-277-9 | ||
| 260 |
_aК. _bЗнання _c2007 |
||
| 650 | 7 |
_a340 Право в цілому. Пропедевтика. Методи та допоміжні правничі науки _2UDC |
|
| 999 |
_c347132 _d347132 |
||